000 00681nam a2200217 i 4500
001 68658
003 ES-MaACL
005 20250812042203.0
007 t|
008 960813s1895 fr ||||1| fre d
040 _aCAM
_bspa
_cCAM
100 1 _aGayet, Albert.
_956145
245 1 2 _aL'art persan /
_cpar Al. Gayet.
260 _aParis :
_bAncienne Maison Quantin, librairies-imprimeries réunies,
_c[1895]
300 _a319, [1] p. ;
_c21 cm.
490 1 _aBibliothèque de l'enseignement des beaux-arts
650 0 7 _aArte iraní
_2embne
_9147277
830 0 _aBibliothèque de l'enseignement des beaux-arts
_9181140
852 _aES-MaACL
_jB-2504
999 _c68658
_d68658